| 000 | 00659nam a2200205 a 4500 | ||
|---|---|---|---|
| 001 | 000028831 | ||
| 005 | 20200930055150.0 | ||
| 008 | 110412s1985 dr 000 0 spa d | ||
| 040 |
_aDO-SdBNP _bspa _cBNPHU |
||
| 082 |
_axxx _bV297p |
||
| 100 | 1 |
_aVargas, Aniana _955815 |
|
| 245 | 1 | 0 |
_aEl pueblo nunca ha dejado de luchar / _cAniana Vargas, José Espaillat y Fundación Manolo Tavarez. |
| 260 |
_aSanto Domingo : _bBúho, _c1985. _fAlfa y Omega |
||
| 300 |
_a47 p. ; _c21 cm. |
||
| 490 | 1 |
_aHistoria social _v1 |
|
| 700 | 1 |
_aEspaillat, José _944951 |
|
| 710 | 1 |
_aFundación Manolo Tavárez _955816 |
|
| 830 | 0 |
_aHistoria social ; _v1 _955817 |
|
| 049 | _aBNPD | ||
| 999 |
_c28323 _d28323 |
||